Dezinformácie ako nástroj medzinárodnej politiky a ich dopad na verejnú mienku Slovenskej republiky diplomová práca

Gespeichert in:
Bibliographische Detailangaben
1. Verfasser: Bruška, Martin
Körperschaft: Fakulta medzinárodných vzťahov EU. Katedra medzinárodných politických vzťahov
Weitere Verfasser: Čech, Ľubomír, 1955-
Format: Buch
Sprache:Slowakisch
Veröffentlicht: Bratislava 2024
Tags: Tag hinzufügen
Keine Tags, Fügen Sie das erste Tag hinzu!

MARC

LEADER 00000nbm a2200000 4500
001 0300817
005 20250226115253.6
041 0 |a slo 
044 |a SK 
245 1 0 |a Dezinformácie ako nástroj medzinárodnej politiky a ich dopad na verejnú mienku Slovenskej republiky  |b diplomová práca  |c Martin Bruška ; školiteľ: Ľubomír Čech 
264 1 |a Bratislava  |c 2024 
300 |a 105 s. 
100 1 |a Bruška, Martin 
700 1 |a Čech, Ľubomír, 1955- 
710 2 |a Fakulta medzinárodných vzťahov EU. Katedra medzinárodných politických vzťahov